[Event "GER-chT U14 Girls"]
[Site "Arendsee"]
[Date "2011.12.27"]
[Round "2.3"]
[White "Hendus, Isabelle"]
[Black "Weiten, Katharina"]
[Result "1-0"]
[WhiteElo "1081"]
[BlackElo "755"]
[PlyCount "61"]
[EventDate "2011.12.27"]
[EventType "team-swiss"]
[EventRounds "7"]
[EventCountry "GER"]
[SourceTitle "EXT 2022"]
[Source "ChessBase"]
[SourceDate "2021.10.06"]
[SourceVersion "1"]
[SourceVersionDate "2021.10.06"]
[SourceQuality "1"]
[WhiteTeam "Breitenworbis U14 Girls"]
[BlackTeam "Riegelsberg U14 Girls"]
[WhiteTeamCountry "GER"]
[BlackTeamCountry "GER"]

1. e4 e5 2. Nf3 Nc6 3. Bc4 Nf6 4. d3 Bc5 5. c3 d6 6. Nbd2 Bg4 7. Nf1 Qd7 8. h3 Bh5 9. Ng3 0-0-0 10. 0-0 Rhe8 11. Bg5 h6 12. Bxf6 gxf6 13. Nxh5 Qe7 14. b4 Bb6 15. Bb5 Rg8 16. a4 a6 17. Bxc6 bxc6 18. a5 Ba7 19. Qa4 c5 20. b5 axb5 21. Qxb5 Qe6 22. Ng3 Rdf8 23. Qa6+ Kb8 24. Rab1+ Bb6 25. axb6 cxb6 26. Rxb6+ Kc7 27. Qa7+ Kd8 28. Rb8+ Qc8 29. Rxc8+ Kxc8 30. Rb1 Kd8 31. Rb8# 1-0